Van der Vat, Odulphus: Die Anfänge der Franziskanermissionen und ihre Weiterentwicklung im nahen Orient und in den mohammedanischen Ländern während des 13. Jahrhunderts

Saved in:  
Bibliographic Details
Main Author: Altaner, Berthold 1885-1964 (Author)
Format: Electronic Review
Language:German
Check availability: HBZ Gateway
Interlibrary Loan:Interlibrary Loan for the Fachinformationsdienste (Specialized Information Services in Germany)
Published: 1934
In: Zeitschrift für Missionswissenschaft und Religionswissenschaft
Year: 1934, Volume: 24, Issue: 4, Pages: 375-377
Further subjects:B Book review
Online Access: Volltext (kostenfrei)
Parallel Edition:Non-electronic

MARC

LEADER 00000naa a22000002c 4500
001 1928372716
003 DE-627
005 20250617114951.0
007 cr uuu---uuuuu
008 250617s1934 xx |||||oo 00| ||ger c
024 7 |a 10.71517/zmr.v24i4.18033  |2 doi 
035 |a (DE-627)1928372716 
035 |a (DE-599)KXP1928372716 
040 |a DE-627  |b ger  |c DE-627  |e rda 
041 |a ger 
084 |a 1  |a 0  |2 ssgn 
100 1 |e VerfasserIn  |0 (DE-588)118644874  |0 (DE-627)079430759  |0 (DE-576)160062241  |4 aut  |a Altaner, Berthold  |d 1885-1964 
109 |a Altaner, Berthold 1885-1964 
245 1 0 |a Van der Vat, Odulphus: Die Anfänge der Franziskanermissionen und ihre Weiterentwicklung im nahen Orient und in den mohammedanischen Ländern während des 13. Jahrhunderts 
264 1 |c 1934 
336 |a Text  |b txt  |2 rdacontent 
337 |a Computermedien  |b c  |2 rdamedia 
338 |a Online-Ressource  |b cr  |2 rdacarrier 
506 |a [DE-21]Open Access  |e Controlled Vocabulary for Access Rights  |u http://purl.org/coar/access_right/c_abf2 
533 |a Reproduktion  |d 2025  |7 |2025|||||||||| 
540 |a [DE-21]Urheberrechtsschutz 1.0  |2 rs  |u https://rightsstatements.org/page/InC/1.0/?language=en 
601 |a Weiterentwicklung 
655 7 |a Rezension  |0 (DE-588)4049712-4  |0 (DE-627)106186019  |0 (DE-576)209083166  |2 gnd-content 
773 0 8 |i Enthalten in  |t Zeitschrift für Missionswissenschaft und Religionswissenschaft  |d St. Ottilien : EOS-Verl., 1911  |g 24(1934), 4, Seite 375-377  |w (DE-627)1028797486  |w (DE-600)2938729-2  |w (DE-576)508460220  |7 nnas 
773 1 8 |g volume:24  |g year:1934  |g number:4  |g pages:375-377 
776 0 8 |i Elektronische Reproduktion von  |a Altaner, Berthold, 1885 - 1964  |t Van der Vat, Odulphus: Die Anfänge der Franziskanermissionen und ihre Weiterentwicklung im nahen Orient und in den mohammedanischen Ländern während des 13. Jahrhunderts  |d 1934  |w (DE-627)1852216808  |k Non-Electronic 
856 4 0 |u https://doi.org/10.71517/zmr.v24i4.18033  |x Digitalisierung  |z kostenfrei  |3 Volltext  |7 0 
935 |a DTH5  |a mteo 
951 |a AR 
ELC |a 1 
ITA |a 1  |t 1 
LOK |0 000 xxxxxcx a22 zn 4500 
LOK |0 001 4734858411 
LOK |0 003 DE-627 
LOK |0 004 1928372716 
LOK |0 005 20250617114951 
LOK |0 008 250617||||||||||||||||ger||||||| 
LOK |0 040   |a DE-Tue135  |c DE-627  |d DE-Tue135 
LOK |0 092   |o n 
LOK |0 852   |a DE-Tue135 
LOK |0 852 1  |9 00 
LOK |0 935   |a ixzs 
LOK |0 939   |a 17-06-25  |b l01 
OAS |a 1 
ORI |a SA-MARC-ixtheoa001.raw 
REL |a 1 
SUB |a REL